| 000 | 01807nam2a2200301 4500 | ||
|---|---|---|---|
| 001 | RU\NLR\BIBL_A\022096873 | ||
| 005 | 20260406071852.0 | ||
| 035 | _a(NLR Aleph) 022096873 | ||
| 090 |
_a12733939 _c12733939 |
||
| 100 | _a20231214d1987 |||y0rusy50 ca | ||
| 101 | 0 | _arus | |
| 102 | _aRU | ||
| 105 | _ay z 001zy | ||
| 200 | 1 |
_aПобеда социалистической революции _f[В. П. Булдаков, Е. Г. Гимпельсон, Г. А. Герасименко и др.] |
|
| 210 |
_d1987 _aБ. м. |
||
| 215 | _a478, [1] с. | ||
| 300 | _aАвт. указаны на 8-9-й с. | ||
| 320 | _aБиблиогр. в примеч. в конце гл. | ||
| 320 | _aИмен. указ.: с. 472-477 | ||
| 461 | 0 |
_1001RU\NLR\BIBL_A\022096856 _12001#$aВеликий Октябрь и защита его завоеваний$eмонография$e[в 2 томах]$fответственный редактор: академик И. И. Минц$gАкадемия наук СССР, Институт истории СССР$v[Т. 1] _912733881 _cМосква _d1987 _fответственный редактор: академик И. И. Минц _nНаука _oмонография : [в 2 томах] _tВеликий Октябрь и защита его завоеваний _v[Т. 1] |
|
| 701 | 1 |
_7ca _8rus _aБулдаков _bВ. П. _f1944- _gВладимир Прохорович _9152185 _3RU\NLR\AUTH\770152223 |
|
| 701 | 1 |
_8rus _7ca _aГимпельсон _bЕ.Г. _f1921- _gЕфим Гилевич _3RU\NLR\AUTH\7716861 _9126494 |
|
| 701 | 1 |
_8rus _7ca _aГерасименко _bГ.А. _f1931- _gГригорий Алексеевич _3RU\NLR\AUTH\7716794 _9126428 |
|
| 852 |
_aNLR _j87-5/2525 |
||
| 942 | _cBOOK | ||
| 980 | _aNB | ||